00306nam 22000853 450000100060000010000410000610100080004720001560005580100090021132600 a20260318d u||y0pory50 ba aeng aOutline of the operacional numerical Weather Prediction at the Japan Meteorological AgencyeAppendix to Progress Report on Numerical Weather Prediction gISBD